000 02792nam a22003017i 4500
003 DO-SdBNP
005 20250509135222.0
007 ta
008 250509b2000 |||||||| |||| 00| 0 spa d
040 _aDO-SdBNP
_bspa
_cBNPHU
_erda
041 _hspa
082 _axxx
_bN718
_222
100 _968728
245 0 _aNiños, niñas y adolescentes en situación de riesgo a causa del VIH/SIDA /
_cInforme realizado por Clara Báez y Felicia Díaz
250 _aprimera edición
264 _aSanto Domingo :
_bCentro de Promoción de la Atención Integral a la Infancia,
_c2024
300 _a243 páginas :
_c28 cm
336 _ardacontent
_btexto
_2txt
337 _ardamedia
_bsin mediación
_2n
338 _ardacarrier
_bvolumen
_2nc
505 _aLA SITUACIÓN DEL VIH SIDA EN LAS PROVINCIAS DE LA ROMANA Y VALVERDE 12|La orfandad por VIH SIDA 13|LAS FAMILIAS Y NNA AFECTADOS POR EL VIH SIDA; CARACTERÍSTICAS SOCIOECONÓMICAS DE LA FAMILIAS INVESTIGADAS 14|Características socioeconómicas de las familias investigadas 15|Los adultos 15|La Romana 15|Valverde 16|La multiplicidad de uniones consensuales, factor importante de riesgo 17|Los niños, niñas y adolescentes que viven en estas familias de la pobreza a la indigencia 17|EL ESTIGMA Y DISCRIMINACIÓN A CAUSA DEL VIH 18|El silencio 20|Discriminación en el acceso a los servicios médicos 20|Discriminación laboral 21|El estigma y discriminación en el barrio 22|El rechazo en las escuelas 22|Entre el rechazo y la solidaridad familiar 22|IMPACTO EMOCIONAL DEL VIHSIDA EN LOS NNA Y EN LAS MADRES AFECTADAS 24|Los adultos 25|Actitudes y creencias de las familias 25|Manejo de las emociones 26|Las emociones de las madres infectadas 26|Los niños, niñas y adolescentes 26|Las emociones de los NNA 27|Proyección de la propia persona 27|Cómo los NNA perciben su familia 27|Dolor y antigustia ante el futuro 28|Violencia y agresividad 29|LAS RESPUESTAS DE LAS FAMILIAS AFECTADAS 30|Sastifacción de las necesidades básicas de los NNA 31|Dinámicas familiares para enfrentar la situación del VIH SIDA 32|LA RESPUESTA DEL ESTADO Y DE LAS COMUNIDADES 36|Cómo percibe la sociedad el problema de los NNA afectados por VIH 37|Irrespeto a derechos humanos y leyes vigentes 38|Los derechos humanos de los NNA 38|La repuesta del Estado 39|La respuesta de la comunidad 39|Iniciativas positivas en La Romana 40|ESTRATEGIAS RECOMENDADAS PARA FAVORECER A LOS NNA VULNERABLES POR EL VIH SIDA 42|Marco jurídico y políticas públicas 43|Estigma y discriminación 44|Necesidades socio-emocionales 44|Derechos humanos 44
590 _aInventariado, 2025/DG
650 4 _aENFERMEDADES INMUNOLOGICAS
_987725
650 4 _aENFERMEDADES TRANSMISIBLES
_952710
650 4 _aNIÑOS
_xCUIDADO E HIGIENE
_91754
910 _aDG
942 _2ddc
_cLBS1
999 _c58984
_d58984